HYDROLOGY. (Record no. 217020)

MARC details
000 -LEADER
fixed length control field 00478nam a22001817a 4500
008 - FIXED-LENGTH DATA ELEMENTS--GENERAL INFORMATION
fixed length control field 260420b |||||||| |||| 00| 0 eng d
020 ## - INTERNATIONAL STANDARD BOOK NUMBER
International Standard Book Number 978-81-203-3707-7
050 ## - LIBRARY OF CONGRESS CALL NUMBER
Classification number GB 661 .D37 2023
100 ## - MAIN ENTRY--PERSONAL NAME
Personal name DAS, MADAN MOHAN
245 ## - TITLE STATEMENT
Title HYDROLOGY.
260 ## - PUBLICATION, DISTRIBUTION, ETC.
Place of publication, distribution, etc. DELHI,
Name of publisher, distributor, etc. PHI LEARNING PRIVATE LIMITED,
Date of publication, distribution, etc. 2023.
300 ## - PHYSICAL DESCRIPTION
Extent XV,340 P, ILL
500 ## - GENERAL NOTE
General note INCLUDES INDEX.
650 ## - SUBJECT ADDED ENTRY
Topical term or geographic name entry element WATER SUPPLY.
700 ## - ADDED ENTRY--PERSONAL NAME
Personal name SAIKIA, MIMI DAS
942 ## - ADDED ENTRY ELEMENTS (KOHA)
Source of classification or shelving scheme Library of Congress Classification
Koha item type Long Loan Book
Holdings
Withdrawn status Lost status Source of classification or shelving scheme Damaged status Not for loan Collection Home library Current library Shelving location Date acquired Inventory number Total checkouts Full call number Barcode Date last seen Copy number Price effective from Koha item type
    Library of Congress Classification     Science & Technology Kisii University Library Kisii University Library On Display 04/20/2026 113155   GB 661 .D37 2023 a001893 04/20/2026 1 04/20/2026 Long Loan Book
    Library of Congress Classification     Science & Technology Kisii University Library Kisii University Library On Display 04/20/2026 113156   GB 661 .D37 2023 a001894 04/20/2026 2 04/20/2026 Long Loan Book
    Library of Congress Classification     Science & Technology Kisii University Library Kisii University Library On Display 04/20/2026 113157   GB 661 .D37 2023 a001896 04/20/2026 4 04/20/2026 Long Loan Book
    Library of Congress Classification     Science & Technology Kisii University Library Kisii University Library On Display 04/20/2026 113158   GB 661 .D37 2023 a001895 04/20/2026 4 04/20/2026 Long Loan Book